000 00612 a2200217 4500
003 IN-BaIIA
005 20241118132144.0
008 240921b |||||||| |||| 00| 0 eng d
020 _a978-3-030-43550-9
040 _cIIA Library
080 _a52-13
_bGAC
100 _aGallaway, Mark
_949156
245 _aAn introduction to observational astrophysics
_cby Mark Gallaway
250 _a2nd ed.
260 _aSwitzerland
_bSpringer Nature
_c2020
300 _axviii, 236p.
490 _aUndergraduate Lecture Notes in Physics
650 _aAstrophysics
_9794
650 _aAstronomy
_980
942 _2udc
_cBK
999 _c36058
_d36058